000 00641nam a2200181 a 4500
001 000025325
005 20200930023717.0
008 101216s1978 ag r 000 | spa d
040 _aDO-SdBNP
_bspa
_cBNPHU
082 _axxx
_bD795a
100 1 _aDrummond de Andrade, Carlos
_951867
245 1 0 _aAmar-amargo y otras poemas /
_cCarlos Drummond de Andrade; estudios y notas Santiago Kovadloff; selección y traducción Estela dos Santos.
260 _aBuenos Aires :
_bCalicanto ,
_c1978.
300 _a117 p. ;
_c19 cm.
590 _aInventariado, 2019/VM
700 1 _aSantiago Kovadloff
_951868
700 1 _aSantos , Estela dos
_etr.
_951869
999 _c24817
_d24817